[Event "EU-ch U10"]
[Site "Bratislava"]
[Date "2019.08.10"]
[Round "9"]
[White "Tykheev, Aldar"]
[Black "Tabuenca Mendataurigoitia, Daniel"]
[Result "1-0"]
[WhiteElo "1434"]
[BlackElo "1757"]
[PlyCount "57"]
[EventDate "2019.08.02"]
[EventType "swiss"]
[EventRounds "9"]
[EventCountry "SVK"]
[SourceTitle "EXT 2020"]
[Source "ChessBase"]
[SourceDate "2019.10.17"]
[SourceVersion "1"]
[SourceVersionDate "2019.10.17"]
[SourceQuality "1"]

1. e4 d5 2. exd5 Qxd5 3. Nc3 Qd6 4. d4 Nf6 5. Nf3 c6 6. Be2 Bf5 7. 0-0 e6 8. Ne5 Qc7 9. Bf4 Bd6 10. g4 Bg6 11. Bg3 Nd5 12. Nxd5 exd5 13. f4 f6 14. Nxg6 hxg6 15. Bd3 Kf7 16. c4 g5 17. Qc2 gxf4 18. Bg6+ Kg8 19. Qf5 Na6 20. Rae1 Kf8 21. Bxf4 Bxf4 22. Rxf4 Rh6 23. Re5 Qd6 24. g5 Rh8 25. Re6 Qb4 26. gxf6 Qd2 27. fxg7+ Kxg7 28. Re7+ Kh6 29. Rh4# 1-0

[Event "EU-ch U10"]
[Site "Bratislava"]
[Date "2019.08.02"]
[Round "1"]
[White "Tykheev, Aldar"]
[Black "Samunenkov, Igor"]
[Result "0-1"]
[WhiteElo "1434"]
[BlackElo "1964"]
[PlyCount "90"]
[EventDate "2019.08.02"]
[EventType "swiss"]
[EventRounds "9"]
[EventCountry "SVK"]
[SourceTitle "EXT 2020"]
[Source "ChessBase"]
[SourceDate "2019.10.17"]
[SourceVersion "1"]
[SourceVersionDate "2019.10.17"]
[SourceQuality "1"]

1. e4 Nf6 2. e5 Nd5 3. c4 Nb6 4. d4 d6 5. exd6 cxd6 6. Nc3 g6 7. Nf3 Bg7 8. Be3 0-0 9. Be2 Nc6 10. 0-0 d5 11. c5 Nc4 12. Bxc4 dxc4 13. d5 Nb4 14. Qa4 Nxd5 15. Nxd5 Qxd5 16. Rfd1 Qh5 17. Qxc4 Bg4 18. Rd5 e5 19. Qe2 Be6 20. Rd2 e4 21. Nd4 Qxe2 22. Rxe2 Bc4 23. Rd2 Rfd8 24. Rc1 Bxa2 25. b4 a6 26. c6 bxc6 27. Nxc6 Rxd2 28. Bxd2 Kf8 29. h3 Rc8 30. Be3 Ke8 31. Rc5 Be6 32. Nd4 Rxc5 33. Nxe6 Rc6 34. Nxg7+ Kf8 35. Bh6 Ke7 36. g4 f6 37. h4 Kf7 38. g5 f5 39. h5 Rc4 40. hxg6+ hxg6 41. Kf1 Rxb4 42. Ke2 Rb7 43. f3 exf3+ 44. Kxf3 a5 45. Kf4 Rb5 0-1